000
00231nam a2200097Ia 4500
005
20251222120857.0
008
251222s1900||||xx |||||||||||||| ||spa||
082
_a
DVD0070/D95/2005
245
0
_a
La passion de Jeanne d'Arc
942
_c
DVD
999
_c
2460
_d
2460